[Event "Superliga w Szachach Szybkich"]
[Site "Wroclaw, Katowice, Krakow, Poznan"]
[Date "2023-10-17"]
[Round "10.3"]
[White "Sieciechowicz, Marcin"]
[Black "Dziuba, Marcin"]
[Result "1/2-1/2"]
[WhiteTitle "IM"]
[BlackTitle "GM"]
[WhiteElo "2329"]
[BlackElo "2468"]

1. d4 2. d5 3. c4 4. e6 5. Nc3 6. Nf6 7. cxd5 8. Nxd5 9. e4 10. Nxc3 11. bxc3 12.
c5 13. Nf3 14. cxd4 15. cxd4 16. Bb4+ 17. Bd2 18. Bxd2+ 19. Qxd2 20. O-O 21. Bc4
22. Nd7 23. O-O 24. b6 25. Rad1 26. Bb7 27. Rfe1 28. Rc8 29. Bb3 30. Qf6 31. h3
32. h6 33. Qe3 34. Rfd8 35. Rc1 36. Qg6 37. Nd2 38. b5 39. d5 40. exd5 41. Qxa7
42. Qb6 43. Qxb6 44. Nxb6 45. exd5 46. Bxd5 47. Bxd5 48. Nxd5 49. Ne4 50. b4 51.
Rxc8 52. Rxc8 53. Rd1 54. Nc3 55. Nxc3 56. Rxc3 1/2-1/2

[Event "Superliga w Szachach Szybkich"]
[Site "Wroclaw, Katowice, Krakow, Poznan"]
[Date "2023-10-17"]
[Round "10.4"]
[White "Kiolbasa, Oliwia"]
[Black "Kulon, Klaudia"]
[Result "1-0"]
[WhiteTitle "IM"]
[BlackTitle "IM"]
[WhiteElo "2321"]
[BlackElo "2271"]

1. e4 2. d5 3. exd5 4. Qxd5 5. Nc3 6. Qd8 7. d4 8. Nf6 9. Nf3 10. g6 11. h3 12.
Bg7 13. Bg5 14. O-O 15. Qd2 16. a6 17. O-O-O 18. b5 19. a3 20. c6 21. Bh6 22.
a5 23. Bxg7 24. Kxg7 25. Ne5 26. b4 27. Na4 28. bxa3 29. bxa3 30. Qd6 31. Nc4
32. Qc7 33. h4 34. h5 35. Bd3 36. Na6 37. Qg5 38. Rd8 39. Ne5 40. Nh7 41. Qg3
42. Nf8 43. Be4 44. Bb7 45. Rh3 46. Rd6 47. Nc4 48. Rf6 49. Qxc7 50. Nxc7 51.
Nc5 52. Bc8 53. Rf3 54. Be6 55. Rxf6 56. Kxf6 57. Nxe6 58. Nfxe6 59. Bxc6 60.
Rd8 61. c3 62. Nd5 63. Kc2 64. a4 65. g3 66. g5 67. hxg5+ 68. Nxg5 69. Bxd5 70.
Rxd5 71. Nb6 72. Ra5 73. c4 74. e6 75. c5 76. Ke7 77. Kd3 78. Rb5 79. Nxa4 80.
Rb3+ 81. Kc4 82. Rxa3 83. Nc3 84. Nf3 85. Rd3 86. Ng5 87. f4 88. Nh7 89. Ne4 90.
Ra8 91. Rb3 92. Ra7 93. c6 94. Kd8 95. Kc5 96. f5 97. Nd6 98. Ra5+ 99. Kb6 100.
Ra8 101. Kb7 1-0

[Event "Superliga w Szachach Szybkich"]
[Site "Wroclaw, Katowice, Krakow, Poznan"]
[Date "2023-10-17"]
[Round "10.5"]
[White "Warakomski, Tomasz"]
[Black "Pechac, Jergus"]
[Result "1/2-1/2"]
[WhiteTitle "GM"]
[BlackTitle "GM"]
[WhiteElo "2461"]
[BlackElo "2548"]

1. e4 2. e5 3. Bc4 4. Nf6 5. d3 6. Bc5 7. Nf3 8. d6 9. O-O 10. O-O 11. c3 12. Nc6
13. h3 14. a6 15. a4 16. h6 17. Re1 18. Be6 19. Nbd2 20. Ba7 21. a5 22. Qe7 23.
Qb3 24. Rab8 25. Nf1 26. Nh5 27. Ne3 28. Nd8 29. d4 30. Nf4 31. Nd5 32. Bxd5 33.
exd5 34. Ng6 35. Bd3 36. Nh4 37. Qd1 38. Qf6 39. Nh2 40. Ng6 41. Qh5 42. Nf4 43.
Bxf4 44. Qxf4 45. Re4 46. Qg5 47. Qxg5 48. hxg5 49. dxe5 50. c6 51. exd6 52. cxd5
53. Re5 54. d4 55. Nf3 56. dxc3 57. bxc3 58. Rc8 59. Nxg5 60. f6 61. d7 62. Bxf2+
63. Kh1 64. Rxc3 65. Bh7+ 66. Kh8 67. Re8 68. Bc5 69. Rxd8 70. Rxd8 71. Nf7+ 72.
Kxh7 73. Nxd8 74. Rd3 75. Nxb7 76. Be7 77. d8=Q 78. Bxd8 79. Rc1 80. Be7 81. Rc7
82. Bb4 83. Rc6 84. Be1 85. Kg1 86. Rd1 87. Kf1 88. Bxa5+ 89. Ke2 90. Rd2+ 91.
Kf3 92. Rd5 93. Rxa6 94. Bc3 95. Nd6 96. Rd3+ 97. Ke2 98. Rd2+ 99. Kf3 100. Rd3+
101. Ke2 102. Rd2+ 1/2-1/2

[Event "Superliga w Szachach Szybkich"]
[Site "Wroclaw, Katowice, Krakow, Poznan"]
[Date "2023-10-17"]
[Round "10.6"]
[White "Neugebauer, Martin"]
[Black "Klekowski, Maciej"]
[Result "1-0"]
[WhiteTitle "IM"]
[BlackTitle "GM"]
[WhiteElo "2430"]
[BlackElo "2405"]

1. e4 2. c5 3. Nf3 4. e6 5. d4 6. cxd4 7. Nxd4 8. Nc6 9. Nc3 10. a6 11. Nxc6 12.
bxc6 13. Bd3 14. d5 15. O-O 16. Nf6 17. Qe2 18. Be7 19. b3 20. O-O 21. Bb2 22.
Qc7 23. Na4 24. c5 25. e5 26. Nd7 27. c4 28. d4 29. Rae1 30. Bb7 31. Bc1 32. Rae8
33. f4 34. g6 35. Be4 36. f5 37. exf6 38. Bxf6 39. Nb2 40. e5 41. Nd3 42. exf4
43. Bxf4 44. Qb6 45. Qf3 46. Rxe4 47. Rxe4 48. Bg7 49. Qe2 50. Bxe4 51. Qxe4 52.
Nf6 53. Qe5 54. Qa5 55. Nxc5 56. Re8 57. Qxd4 58. Qxa2 59. Be5 60. Nh5 61. Bxg7
62. Nxg7 63. Ne4 64. Nh5 65. Qd5+ 66. Kh8 67. Qf7 68. Rc8 69. Nf6 70. Ng7 71.
Nd7 72. h5 73. Qxg6 74. Qd2 75. Nf6 1-0

[Event "Superliga w Szachach Szybkich"]
[Site "Wroclaw, Katowice, Krakow, Poznan"]
[Date "2023-10-17"]
[Round "10.7"]
[White "Galperin, Platon"]
[Black "Leniart, Arkadiusz"]
[Result "0-1"]
[WhiteTitle "GM"]
[BlackTitle "GM"]
[WhiteElo "2442"]
[BlackElo "2418"]

1. Nf3 2. d5 3. g3 4. Bg4 5. Bg2 6. Nd7 7. h3 8. Bxf3 9. Bxf3 10. Ngf6 11. O-O
12. e6 13. d3 14. c6 15. Nc3 16. Bd6 17. Bg2 18. O-O 19. e4 20. a5 21. a4 22.
Qb6 23. Kh1 24. Rad8 25. Qe2 26. Rfe8 27. g4 28. dxe4 29. dxe4 30. h6 31. f4 32.
e5 33. g5 34. hxg5 35. fxg5 36. Nh7 37. h4 38. Ndf8 39. Bh3 40. Ng6 41. Be3 42.
Qc7 43. Bf5 44. Nhf8 45. Qf2 46. Nf4 47. Bb6 48. Qb8 49. Bxa5 50. Bc7 51. Bb4
52. Bd6 53. Ba5 54. Bc7 55. Bxc7 56. Qxc7 57. Bg4 58. Rd4 59. Rad1 60. Red8 61.
Bf3 62. Qa5 63. Rxd4 64. Rxd4 65. Ne2 66. Nxe2 67. Bxe2 68. Qc7 69. Qf3 70. Ng6
71. c3 72. Rxa4 73. b3 74. Ra7 75. Qf2 76. b5 77. Bg4 78. Nf4 79. Rd1 80. Ra8
81. Qd2 82. g6 83. Bd7 84. Rd8 85. Qd6 86. Qxd6 87. Rxd6 88. Ne6 89. Rxe6 90.
fxe6 91. Bxc6 92. Rc8 93. Bxb5 94. Rxc3 95. Bc4 96. Rh3+ 97. Kg2 98. Rxh4 99.
Bxe6+ 100. Kf8 101. Kf3 102. Ke7 103. Bg4 104. Kd6 105. b4 106. Rh8 107. Ke3 108.
Rb8 109. Bd1 110. Rxb4 111. Bc2 112. Kc5 113. Bd1 114. Rb8 115. Ba4 116. Ra8 117.
Bd7 118. Ra3+ 119. Kf2 120. Kd4 121. Bf5 0-1

[Event "Superliga w Szachach Szybkich"]
[Site "Wroclaw, Katowice, Krakow, Poznan"]
[Date "2023-10-17"]
[Round "10.8"]
[White "Sliwicka, Alicja"]
[Black "Antolak, Julia"]
[Result "1-0"]
[WhiteTitle "WIM"]
[BlackTitle "WGM"]
[WhiteElo "2131"]
[BlackElo "2192"]

1. e4 2. c6 3. d4 4. d5 5. e5 6. c5 7. Nf3 8. Bg4 9. dxc5 10. e6 11. Bb5+ 12. Nc6
13. b4 14. Ne7 15. Nbd2 16. Ng6 17. O-O 18. Be7 19. h3 20. Bxf3 21. Nxf3 22. O-O
23. Bxc6 24. bxc6 25. Qe2 26. Qc7 27. Re1 28. a5 29. c3 30. Rfb8 31. Qd2 32. axb4
33. cxb4 34. Ra4 35. a3 36. Rbxb4 37. axb4 38. Rxa1 39. Bb2 40. Rxe1+ 41. Qxe1
42. Qb7 43. Bc3 44. Nh4 45. Nd4 46. Nf5 47. Nxf5 48. exf5 49. Qa1 50. g6 51. e6
52. fxe6 53. Qe1 54. Kf7 55. Qe5 56. Qb5 57. Qg7+ 58. Ke8 59. Qxh7 60. Qd3 61.
Qxg6+ 62. Kd8 63. Be5 64. d4 65. Qxe6 66. Qb1+ 67. Kh2 68. d3 69. Qxf5 70. Qc2
71. Qe4 72. Kd7 73. b5 74. cxb5 75. c6+ 76. Qxc6 77. Qxd3+ 78. Ke8 79. Qe3 80.
b4 81. h4 82. Qe6 83. Bb2 84. Qd6+ 85. g3 86. Kd7 87. h5 88. Bf8 89. Qf3 90. Qh6
91. Qf5+ 92. Ke8 93. Qc8+ 94. Kf7 95. Qd7+ 96. Kg8 97. Qd5+ 98. Kh7 99. Qf7+ 100.
Bg7 101. Kg1 102. Qg5 103. Kg2 104. Kh6 105. Qe6+ 106. Kh7 107. Qe4+ 108. Kh6
109. Bxg7+ 110. Kxg7 111. Qxb4 112. Qxh5 113. Qe4 114. Qd1 115. g4 116. Qd2 117.
Kg3 118. Qd1 119. g5 120. Qg1+ 121. Qg2 122. Qc1 123. f4 124. Qe3+ 125. Kg4 126.
Qd4 127. Qb7+ 128. Kg8 129. Qb3+ 130. Kg7 131. Qb1 132. Kf7 133. Qf1 134. Kg7
135. Kg3 136. Qe3+ 137. Kg4 138. Qd4 139. Qe1 140. Kf7 141. Qb1 142. Kg7 143.
Qc1 144. Kf7 145. Qc7+ 146. Kg8 147. Qe5 148. Qg1+ 149. Kf5 150. Qa7 151. g6 152.
Qb7 153. Qe6+ 154. Kg7 155. Qe5+ 156. Kg8 157. Kg5 158. Qd7 159. f5 160. Qd2+
161. Kf6 162. Qd8+ 163. Ke6 164. Qe7+ 165. Kd5 166. Qd7+ 167. Ke4 168. Qa4+ 169.
Qd4 170. Qe8+ 171. Kf4 172. Qb8+ 173. Kg4 174. Qc8 175. Qd5+ 176. Kg7 177. Qe5+
178. Kh6 179. Qh2+ 180. Kg7 181. Qh7+ 182. Kf6 183. Qf7+ 184. Ke5 185. Qe6+ 186.
Qxe6 187. fxe6 188. Kxe6 189. Kg5 190. Ke7 191. Kh6 192. Kf8 193. Kh7 1-0

[Event "Superliga w Szachach Szybkich"]
[Site "Wroclaw, Katowice, Krakow, Poznan"]
[Date "2023-10-17"]
[Round "10.9"]
[White "Navara, David"]
[Black "Volokitin, Andrei"]
[Result "1-0"]
[WhiteTitle "GM"]
[BlackTitle "GM"]
[WhiteElo "2707"]
[BlackElo "2626"]

1. e4 2. c5 3. Nf3 4. d6 5. d4 6. cxd4 7. Nxd4 8. Nf6 9. Nc3 10. a6 11. Bd3 12.
g6 13. f3 14. Qb6 15. Nb3 16. Bg7 17. Bg5 18. Nbd7 19. Qd2 20. Qc7 21. Bh6 22.
Bxh6 23. Qxh6 24. Nb6 25. O-O-O 26. Be6 27. Rhe1 28. O-O-O 29. Kb1 30. Kb8 31.
g4 32. Rc8 33. h3 34. Bc4 35. Qe3 36. e5 37. f4 38. Rhe8 39. Qf2 40. Nfd7 41.
f5 42. gxf5 43. Qxf5 44. Be6 45. Qf2 46. Nf8 47. Nc1 48. Ng6 49. N1e2 50. Red8
51. Nd5 52. Bxd5 53. exd5 54. Nc4 55. c3 56. Qb6 57. Qxb6 58. Nxb6 59. Rf1 60.
Rc7 61. b3 62. Re8 63. c4 64. Rce7 65. Bc2 66. Nd7 67. Ng3 68. Rh8 69. Nf5 70.
Rf8 71. Nxe7 72. Nxe7 73. Bxh7 74. a5 75. g5 76. Kc7 77. h4 78. Nc5 79. g6 80.
f5 81. g7 82. Re8 83. Rxf5 84. Nxf5 85. Bxf5 86. Nd7 87. Bxd7 88. Kxd7 89. h5
90. Ke7 91. Rf1 1-0

[Event "Superliga w Szachach Szybkich"]
[Site "Wroclaw, Katowice, Krakow, Poznan"]
[Date "2023-10-17"]
[Round "10.10"]
[White "Moranda, Wojciech"]
[Black "Areshchenko, Alexander"]
[Result "1-0"]
[WhiteTitle "GM"]
[BlackTitle "GM"]
[WhiteElo "2562"]
[BlackElo "2558"]

1. d4 2. Nf6 3. c4 4. g6 5. Nc3 6. d5 7. Nf3 8. Bg7 9. Bf4 10. O-O 11. Rc1 12.
dxc4 13. e3 14. c5 15. Bxc4 16. cxd4 17. Nxd4 18. Nbd7 19. Bg3 20. Nc5 21. O-O
22. Bd7 23. b4 24. Nce4 25. Nxe4 26. Nxe4 27. Bc7 28. Qe8 29. Bd5 30. Ba4 31.
Qd3 32. e5 33. Qxe4 34. exd4 35. exd4 36. Qxe4 37. Bxe4 38. Rae8 39. Bxb7 40.
Re2 41. Be5 42. Bxe5 43. dxe5 44. Rb8 45. Bd5 46. Rxe5 47. Rc5 48. Rb5 49. Rxb5
50. Bxb5 51. Rd1 52. Ba4 53. f4 54. Re2 55. Rd4 56. Kf8 57. h4 58. h5 59. Kh2
60. Rb2 61. Kg3 62. Ke7 63. Re4+ 64. Kf6 65. Rd4 66. Ke7 67. Rc4 68. Bd7 69. Rc7
70. Kd6 71. Rxa7 72. Rxb4 73. Bxf7 74. Bc6 75. Ra6 76. Kc7 77. Bxg6 78. Rb2 79.
Rxc6+ 80. Kxc6 81. Bxh5 82. Rxa2 83. Bg6 84. Kd6 85. h5 86. Ke6 87. h6 88. Kf6
89. h7 90. Kg7 91. Kf3 92. Ra3+ 93. Kg4 94. Ra2 95. g3 96. Ra6 97. Bf5 98. Ra5
99. Kg5 100. Rb5 101. g4 102. Ra5 103. Kh4 104. Ra4 105. Kg3 106. Ra3+ 107. Kf2
108. Ra2+ 109. Ke3 110. Ra3+ 111. Bd3 112. Rb3 113. g5 114. Ra3 115. g6 116. Rb3
117. f5 118. Rb8 119. Kf4 120. Rd8 121. Be4 122. Rc8 123. Kg5 124. Rc5 125. Kf4
126. Rc8 127. Bd5 128. Kf6 129. Bg8 1-0

[Event "Superliga w Szachach Szybkich"]
[Site "Wroclaw, Katowice, Krakow, Poznan"]
[Date "2023-10-17"]
[Round "10.11"]
[White "Socko, Bartosz"]
[Black "Plat, Vojtech"]
[Result "0-1"]
[WhiteTitle "GM"]
[BlackTitle "GM"]
[WhiteElo "2522"]
[BlackElo "2542"]

1. d4 2. d6 3. e4 4. Nf6 5. Nc3 6. e5 7. Nf3 8. Nbd7 9. Bc4 10. Be7 11. a4 12.
O-O 13. a5 14. c6 15. O-O 16. Rb8 17. Re1 18. b5 19. Bd3 20. a6 21. Ne2 22. c5
23. c3 24. Re8 25. Ng3 26. Bf8 27. h3 28. g6 29. Be3 30. exd4 31. cxd4 32. Bb7
33. Bf4 34. cxd4 35. Nxd4 36. Nc5 37. f3 38. Nd5 39. Bc1 40. Bg7 41. Nde2 42.
Nb4 43. Bb1 44. d5 45. Be3 46. Rc8 47. Bxc5 48. Rxc5 49. Qd2 50. dxe4 51. Qxb4
52. Rc4 53. Qb3 54. exf3 55. gxf3 56. Qh4 57. Be4 58. Bxe4 59. Nxe4 60. Qxh3 61.
Nf2 62. Qh4 63. f4 64. Rcc8 65. Kg2 66. Qf6 67. Rab1 68. Rcd8 69. Qf3 70. h5 71.
Nc3 72. Qf5 73. Rbd1 74. b4 75. Rd5 76. Qc2 77. Re2 78. Qb3 79. Rxd8 80. Rxd8
81. Nce4 82. Qxf3+ 83. Kxf3 84. Rd5 85. b3 86. Rxa5 87. Nd3 88. Rd5 89. Nxb4 90.
Rb5 91. Nxa6 92. Rxb3+ 93. Kg2 94. Bh6 95. Nac5 96. Ra3 97. Ng5 98. Bxg5 99. fxg5
100. Ra5 101. Re8+ 102. Kg7 103. Ne4 104. Rf5 105. Kg3 106. Ra5 107. Kf4 108.
Rf5+ 109. Ke3 110. h4 111. Ra8 112. Rb5 113. Kf4 114. Rb4 115. Re8 116. h3 117.
Kg3 118. Rb3+ 119. Kh2 120. Ra3 121. Re5 122. Re3 123. Re8 124. Ra3 125. Rb8 126.
Re3 127. Nd6 128. f5 129. Rb7+ 130. Kg8 131. Nc4 132. Re4 133. Rc7 134. Rg4 135.
Ne5 136. Rxg5 137. Kxh3 138. Rg1 139. Kh4 140. Kf8 141. Ra7 142. Kg8 143. Nf3
144. Rg4+ 145. Kh3 146. Kf8 147. Ne5 148. Rg1 149. Kh2 150. Rg5 151. Rb7 152.
f4 153. Nf3 154. Rg3 155. Nd4 156. Ke8 157. Ne6 158. g5 159. Rg7 160. Rg4 161.
Kh3 162. Rg3+ 163. Kh2 164. Rg4 165. Ra7 166. f3 167. Ra3 168. Rg2+ 169. Kh3 170.
g4+ 171. Kh4 172. f2 173. Ra8+ 174. Ke7 175. Rf8 176. Kxe6 177. Kg5 178. g3 0-1

[Event "Superliga w Szachach Szybkich"]
[Site "Wroclaw, Katowice, Krakow, Poznan"]
[Date "2023-10-17"]
[Round "10.12"]
[White "Maltsevskaya, Aleksandra"]
[Black "Socko, Monika"]
[Result "1-0"]
[WhiteTitle "IM"]
[BlackTitle "GM"]
[WhiteElo "2348"]
[BlackElo "2303"]

1. e4 2. e6 3. d4 4. d5 5. e5 6. c5 7. Nf3 8. Nc6 9. c3 10. Bd7 11. Be2 12. Rc8
13. O-O 14. a6 15. Bg5 16. Be7 17. Be3 18. cxd4 19. cxd4 20. Nh6 21. Bxh6 22.
gxh6 23. Nc3 24. O-O 25. Qd2 26. Kg7 27. Bd3 28. f5 29. exf6+ 30. Bxf6 31. Ne2
32. Bg5 33. Nxg5 34. Qxg5 35. f4 36. Qf6 37. Qe3 38. Be8 39. f5 40. e5 41. dxe5
42. Qxe5 43. Qb6 44. Bf7 45. Rae1 46. Rfe8 47. Nf4 48. Qd4+ 49. Qxd4+ 50. Nxd4
51. f6+ 52. Kg8 53. h4 54. Rxe1 55. Rxe1 56. Rc6 57. Re7 58. Rxf6 59. g3 60. Nf3+
61. Kf2 62. Nxh4 63. Rxb7 64. Ng6 65. Ke3 66. Nxf4 67. gxf4 68. h5 69. f5 70.
h4 71. Kf4 72. d4 73. Kg5 74. Rd6 75. Kxh4 76. Bxa2 77. b3 78. a5 79. Kg5 80.
h6+ 81. Kf4 82. Rc6 83. Ke5 84. Rc5+ 85. Kxd4 86. Rc6 87. Bc4+ 88. Kf8 89. Bd5
90. Rc1 91. Ke5 92. Re1+ 93. Kf6 94. a4 95. Be6 96. Rxe6+ 97. fxe6 1-0

[Event "Superliga w Szachach Szybkich"]
[Site "Wroclaw, Katowice, Krakow, Poznan"]
[Date "2023-10-17"]
[Round "10.13"]
[White "Mastrovasilis, Dimitrios"]
[Black "Psyk, Radoslaw"]
[Result "1-0"]
[WhiteTitle "GM"]
[BlackTitle "k++"]
[WhiteElo "2566"]
[BlackElo "2327"]

1. e4 2. e6 3. d4 4. d5 5. Nc3 6. Nf6 7. Bg5 8. dxe4 9. Nxe4 10. Nbd7 11. Nf3 12.
h6 13. Nxf6+ 14. Nxf6 15. Bh4 16. c5 17. dxc5 18. Bxc5 19. Bd3 20. O-O 21. O-O
22. b6 23. Qe2 24. Bb7 25. Rad1 26. Qc7 27. Ne5 28. Be7 29. Bxf6 30. Bxf6 31.
Nd7 32. Rfd8 33. Nxf6+ 34. gxf6 35. Be4 36. Bxe4 37. Qxe4 38. f5 39. Qe2 40. Kg7
41. c4 42. Qf4 43. b3 44. Kf6 45. Rfe1 46. Ke7 47. g3 48. Qg4 49. Qc2 50. Rxd1
51. Rxd1 52. Qf3 53. Qd2 54. f4 55. Qd6+ 56. Kf6 57. Rd4 58. Kg6 59. Rxf4 60.
Qe2 61. Qd4 62. f5 63. Qd7 64. Rf8 65. Rd4 66. f4 67. Rxf4 68. Rxf4 69. gxf4 70.
Qe1+ 71. Kg2 72. Qe4+ 73. Kg3 74. h5 75. Qd8 76. h4+ 77. Qxh4 78. Qh1 79. Qg4+
80. Kf6 81. Qh4+ 82. Kf7 83. Qh5+ 84. Kf6 85. Qf3 86. Qg1+ 87. Qg2 88. Qb1 89.
Qh3 90. Qg1+ 91. Kh4 92. Qxf2+ 93. Qg3 94. Qxa2 95. Kh5 96. Qe2+ 97. Kh6 98. Qd2
99. h4 100. Kf7 101. h5 102. Qd4 103. Qg6+ 104. Kf8 105. Kg5 106. Ke7 107. Qh7+
108. Kf8 109. h6 110. Qd8+ 111. Kg4 112. Qd1+ 113. Kg5 114. Qd8+ 115. Kg4 116.
Qd1+ 117. Kh4 118. Qd8+ 119. Kg3 120. Qd1 121. Qg7+ 122. Ke8 123. Kh4 124. Qe1+
125. Kg5 126. Qg3+ 127. Kf6 128. Qxf4+ 129. Kxe6 130. Qe3+ 131. Kd6 132. Qc5+
133. Ke6 134. Qe3+ 135. Kd5 136. Qf3+ 137. Kd6 138. Qf4+ 139. Qe5+ 1-0

[Event "Superliga w Szachach Szybkich"]
[Site "Wroclaw, Katowice, Krakow, Poznan"]
[Date "2023-10-17"]
[Round "10.14"]
[White "Koziorowicz, Michal"]
[Black "Wieczorek, Oskar"]
[Result "0-1"]
[WhiteTitle "FM"]
[BlackTitle "GM"]
[WhiteElo "2177"]
[BlackElo "2394"]

1. e4 2. c5 3. Nf3 4. d6 5. Bb5+ 6. Nd7 7. d4 8. cxd4 9. Qxd4 10. a6 11. Bxd7+
12. Bxd7 13. Nc3 14. e5 15. Qd3 16. h6 17. O-O 18. Nf6 19. Nd2 20. Rc8 21. Nc4
22. Be6 23. Ne3 24. Be7 25. b3 26. Qc7 27. Bb2 28. O-O 29. Rfd1 30. Rfd8 31. Rac1
32. b5 33. Ncd5 34. Nxd5 35. Nxd5 36. Bxd5 37. Qxd5 38. Bg5 39. Ra1 40. Qxc2 41.
Ba3 42. Qc3 43. Rab1 44. b4 45. Bb2 46. Qc6 47. Qd3 48. Qb5 49. Qxb5 50. axb5
51. Rd5 52. Rc2 53. g3 54. Ra8 55. Rxd6 56. Rxa2 57. Bxe5 58. Rxf2 59. g4 60.
Rg2+ 61. Kh1 62. Rxg4 63. Rf1 64. Rxe4 65. Bg3 66. Rb2 67. Rd7 68. Bf6 69. Rd3
70. h5 71. Bc7 72. h4 73. Bb6 74. Rbe2 75. Bf2 76. Rc2 77. Rd5 78. Rf4 79. Kg2
80. Bd4 81. Rd1 82. Rfxf2+ 83. Kh3 84. Rxh2+ 85. Kg4 86. Rcg2+ 87. Kh5 88. g6+
89. Kh6 90. Bg7# 0-1

[Event "Superliga w Szachach Szybkich"]
[Site "Wroclaw, Katowice, Krakow, Poznan"]
[Date "2023-10-17"]
[Round "10.15"]
[White "Tazbir, Marcin"]
[Black "Dzida, Kamil"]
[Result "1-0"]
[WhiteTitle "GM"]
[BlackTitle "m"]
[WhiteElo "2437"]
[BlackElo "2129"]

1. c4 2. e5 3. g3 4. Nf6 5. Bg2 6. c6 7. Nf3 8. e4 9. Nd4 10. Qb6 11. e3 12. d5
13. d3 14. Bg4 15. Qc2 16. exd3 17. Qxd3 18. Nbd7 19. cxd5 20. Ne5 21. Qc2 22.
c5 23. h3 24. cxd4 25. hxg4 26. Bb4+ 27. Kf1 28. O-O 29. exd4 30. Rac8 31. Nc3
32. Nexg4 33. Qd3 34. Rfe8 35. Bd2 36. Ba5 37. Rb1 38. Qd6 39. Nb5 40. Qd8 41.
Bxa5 42. Qxa5 43. Nd6 44. Qxa2 45. Nxc8 46. Rxc8 47. Bf3 48. h5 49. Kg2 50. g6
51. Rhe1 52. Nxd5 53. Qa3 54. Qxa3 55. bxa3 56. Nb6 57. Rbc1 58. Rd8 59. Rc7 60.
Rxd4 61. Re8+ 62. Kg7 63. Bxg4 64. hxg4 65. Ree7 66. Rd3 67. Rxf7+ 68. Kh6 69.
Rxb7 70. Rxa3 71. Rxa7 72. Rxa7 73. Rxa7 74. Nc4 75. Ra4 76. Ne5 77. Re4 1-0

[Event "Superliga w Szachach Szybkich"]
[Site "Wroclaw, Katowice, Krakow, Poznan"]
[Date "2023-10-17"]
[Round "10.16"]
[White "Lach, Aleksandra"]
[Black "Zawadzka, Jolanta"]
[Result "1/2-1/2"]
[WhiteTitle "WIM"]
[BlackTitle "WGM"]
[WhiteElo "2108"]
[BlackElo "2258"]

1. e4 2. c5 3. Nf3 4. Nc6 5. g3 6. g6 7. Bg2 8. Bg7 9. O-O 10. e6 11. c3 12. Nge7
13. d4 14. cxd4 15. cxd4 16. d5 17. e5 18. O-O 19. Nc3 20. Nf5 21. Ne2 22. f6
23. g4 24. Nfe7 25. exf6 26. Bxf6 27. Bh6 28. Re8 29. Qd2 30. Bd7 31. h3 32. Nc8
33. Bf4 34. Qe7 35. Rfe1 36. Qb4 37. Rad1 38. Nb6 39. b3 40. Rac8 41. Qd3 42.
Qf8 43. Rc1 44. Bg7 45. Qd2 46. Qb4 47. Qd1 48. Ne7 49. Be5 50. Bb5 51. Bxg7 52.
Kxg7 53. Nf4 54. Bd7 55. Nxe6+ 56. Bxe6 57. Rxe6 58. Nc6 59. Rxe8 60. Rxe8 61.
Qd3 62. Nd7 63. g5 64. Qd6 65. Re1 66. Rxe1+ 67. Nxe1 68. Qf4 69. Qe3 70. Qxd4
71. Qxd4+ 72. Nxd4 73. Bxd5 74. b6 75. Nd3 76. Ne2+ 77. Kf1 78. Nc3 79. Be6 80.
Nf8 81. Bc4 82. Nxa2 83. b4 84. Nc3 85. f3 86. b5 87. Bb3 88. Nd7 89. Ke1 90.
Nb6 91. Nf4 92. Kf8 93. Kd2 94. Nca4 95. Ne6+ 96. Ke7 97. Nc7 98. Nc4+ 99. Ke2
100. Nd6 101. Ke3 102. Nb6 103. Nd5+ 104. Nxd5+ 105. Bxd5 106. Nf5+ 107. Ke4 108.
Kd6 109. Bg8 110. Ne7 111. Bxh7 112. Ke6 113. f4 114. Kf7 115. h4 116. Kg7 117.
Bxg6 118. Kxg6 119. Ke5 120. Nc6+ 121. Kd5 122. Nxb4+ 123. Kc5 124. Nd3+ 125.
Kxb5 126. Nxf4 127. Ka6 128. Ng2 129. Kxa7 130. Nxh4 1/2-1/2

[Event "Superliga w Szachach Szybkich"]
[Site "Wroclaw, Katowice, Krakow, Poznan"]
[Date "2023-10-17"]
[Round "11.1"]
[White "Bartel, Mateusz"]
[Black "Brodowski, Piotr"]
[Result "1-0"]
[WhiteTitle "GM"]
[BlackTitle "IM"]
[WhiteElo "2520"]
[BlackElo "2367"]

1. e4 2. c5 3. Nf3 4. Nc6 5. Bc4 6. d6 7. O-O 8. Nf6 9. Re1 10. Bg4 11. c3 12.
e5 13. h3 14. Bh5 15. d3 16. Be7 17. Nbd2 18. O-O 19. Nf1 20. Nd7 21. Ng3 22.
Bg6 23. a4 24. Nb6 25. Ba2 26. Bf6 27. Be3 28. Rc8 29. Bb1 30. Re8 31. a5 32.
Nd7 33. Qa4 34. a6 35. Bc2 36. Qc7 37. Bb3 38. Bd8 39. Nf5 40. Bxf5 41. exf5 42.
Nxa5 43. Ba2 44. b5 45. Qg4 46. c4 47. Bh6 48. Bf6 49. dxc4 50. bxc4 51. Rad1
52. Kh8 53. Bc1 54. h6 55. Qh5 56. Nf8 57. g4 58. Kg8 59. h4 60. Qd7 61. Bb1 62.
Nb3 63. g5 64. Nxc1 65. Rxc1 66. hxg5 67. hxg5 68. g6 69. Qh4 70. Bd8 71. f6 72.
e4 73. Rxe4 74. Rxe4 75. Bxe4 76. Rc5 77. Kg2 78. Bxf6 79. gxf6 80. Rh5 81. Qg3
82. d5 83. Bc2 84. Qe6 85. Re1 86. Qxf6 87. Re5 88. Ne6 89. Rxh5 90. Nf4+ 91.
Kf1 92. Nxh5 93. Qb8+ 94. Kh7 95. Nd4 96. Qg5 97. Ke2 98. Nf4+ 99. Kf3 100. Qh5+
101. Ke3 102. Ng2+ 103. Kd2 104. Qh6+ 105. Ke2 106. Nf4+ 107. Kd1 108. Qh1+ 109.
Kd2 110. Qh6 111. Qe5 112. Nd3+ 113. Qe3 114. Nxf2 115. Qxh6+ 116. Kxh6 117. Ke3
118. Ng4+ 119. Kf4 120. f5 121. Nf3 122. Kg7 123. Ne5 124. Nf6 125. Nc6 126. Nd7
127. Nb4 128. Nb6 129. Ke5 130. f4 131. Nxd5 132. f3 133. Ne3 134. g5 135. Ke4
136. f2 137. Kf3 138. Kf6 139. Ng4+ 140. Ke6 141. Kxf2 142. Kd5 143. Ke3 144.
Kc5 145. Nf6 146. a5 147. Ne4+ 148. Kd5 149. Nxg5 150. a4 151. Nf3 152. Kc5 153.
Kd2 154. Kb5 155. Nd4+ 156. Ka5 157. Bd1 158. Nd7 159. Be2 160. Nb6 161. Kc2 162.
Ka6 163. Kb1 1-0

[Event "Superliga w Szachach Szybkich"]
[Site "Wroclaw, Katowice, Krakow, Poznan"]
[Date "2023-10-17"]
[Round "11.2"]
[White "Licznerski, Lukasz"]
[Black "Mastrovasilis, Dimitrios"]
[Result "1-0"]
[WhiteTitle "IM"]
[BlackTitle "GM"]
[WhiteElo "2423"]
[BlackElo "2566"]

1. e4 2. e5 3. Nf3 4. Nc6 5. Bb5 6. Nf6 7. d3 8. Bc5 9. O-O 10. Nd4 11. Nxd4 12.
Bxd4 13. c3 14. Bb6 15. Na3 16. O-O 17. Bg5 18. d5 19. exd5 20. Qxd5 21. Bxf6
22. gxf6 23. Bc4 24. Qd7 25. Kh1 26. Qg4 27. f4 28. Qxd1 29. Raxd1 30. Bd7 31.
fxe5 32. fxe5 33. Rf6 34. Rae8 35. Rdf1 36. Re7 37. Bd5 38. c6 39. Be4 40. Re6
41. R6f3 42. Rh6 43. Nc4 44. Bc7 45. Ne3 46. Bb6 47. Nc4 48. Bc7 49. Bf5 50. Bxf5
51. Rxf5 52. Re6 53. Nd2 54. Bd8 55. Ne4 56. Be7 57. R1f3 58. f6 59. g4 60. Kg7
61. Rh5 62. Rf7 63. Kg2 64. c5 65. c4 66. Rb6 67. b3 68. Ra6 69. Rf2 70. Kg6 71.
Rhf5 72. h6 73. Nc3 74. Rd6 75. Nd5 76. Bf8 77. Kf3 78. b5 79. Ke4 80. a6 81.
h4 82. Be7 83. g5 84. bxc4 85. bxc4 86. hxg5 87. hxg5 88. Bd8 89. gxf6 90. Bxf6
91. Rxf6+ 92. Rfxf6 93. Rxf6+ 94. Rxf6 95. Nxf6 96. Kxf6 97. Kd5 1-0